| 000 | 00649nam a2200157 4500 | ||
|---|---|---|---|
| 999 |
_c6616 _d6616 |
||
| 008 | 170421b xxu||||| |||| 00| 0 eng d | ||
| 022 | _a0091-4169 | ||
| 082 | _aDPer 364.05 J82 2013 v. 103, n. 2 | ||
| 100 |
_920033 _aSalnikova, Olesya |
||
| 245 |
_a"The people" of Heller and their politics: _bwhether illegal aliens should have the right to bear arms after United States V. Portillo-Munoz/ _cOlesya Salnikova. |
||
| 260 |
_aEvanston: _bNorthwestern University Press, _c©2013. |
||
| 300 |
_av103 n2, pages 625-662; _c25 cm. |
||
| 500 | _aThe Journal of criminal law and criminology. | ||
| 650 | 0 |
_920034 _aCriminal procedure |
|
| 942 |
_2ddc _cPER |
||